[Event "Moscow Open F Women"]
[Site "Moscow RUS"]
[Date "2011.02.05"]
[Round "8.3"]
[White "Bodnaruk, Anastasia"]
[Black "Ghader Pour, Shayesteh"]
[Result "1/2-1/2"]
[WhiteTitle "IM"]
[BlackTitle "WIM"]
[WhiteElo "2425"]
[BlackElo "2212"]
[WhiteFideId "4181751"]
[BlackFideId "12500747"]
[EventDate "2011.01.29"]

1. e4 c5 2. Nc3 e6 3. Nge2 a6 4. g3 Nc6 5. Bg2 d6 6. d4 cxd4 7. Nxd4 Bd7 8. O-O
Qc7 9. Re1 Be7 10. Nxc6 Bxc6 11. Qg4 h5 12. Qe2 h4 13. a4 hxg3 14. hxg3 Nf6 15.
Bd2 Kf8 16. a5 Rc8 17. b3 Be8 18. Na4 Nd7 19. c4 Bf6 20. Ra2 Rb8 21. Bb4 Be7 22.
Qe3 Nc5 23. Nb6 Bc6 24. Rd2 f6 25. Red1 Kf7 26. f4 Rbd8 27. Bf3 g6 28. Ba3 f5
29. Bxc5 dxc5 30. Kg2 Rxd2+ 31. Rxd2 Rd8 32. exf5 Bxf3+ 33. Kxf3 Qc6+ 34. Kf2
Rxd2+ 35. Qxd2 gxf5 36. Nd7 Bd6 37. Ne5+ Bxe5 38. fxe5 Qc7 39. Qc3 Qd8 40. Ke2
Kg6 41. Ke1 Qd7 42. Qf3 Qc7 43. Qc3 Qd7 44. Qf3 Qc7 45. Qc3 Qd7 46. Qf3 Qc7 47.
Qc3 1/2-1/2

[Event "Moscow Open F Women"]
[Site "Moscow RUS"]
[Date "2011.02.05"]
[Round "8.4"]
[White "Drozdova, Dina"]
[Black "Kovanova, Baira"]
[Result "0-1"]
[BlackTitle "WGM"]
[WhiteElo "2203"]
[BlackElo "2391"]
[WhiteFideId "4170695"]
[BlackFideId "4164083"]
[EventDate "2011.01.29"]

1. d4 Nf6 2. c4 e6 3. Nc3 Bb4 4. e3 O-O 5. Ne2 d5 6. a3 Be7 7. cxd5 exd5 8. g3
Re8 9. Bg2 c6 10. O-O Bf8 11. f3 c5 12. dxc5 Bxc5 13. Nd4 Nc6 14. Nce2 a5 15.
Kh1 Qb6 16. Qd3 Bd7 17. Nxc6 Bxc6 18. Nd4 Bxd4 19. exd4 Bb5 20. Qb3 a4 21. Qb4
Rac8 22. b3 Rc6 23. Rg1 axb3 24. Qxb3 Qxd4 25. Rb1 Ba6 26. Bg5 h6 27. Rgd1 Qc4
28. Bxf6 Rxf6 29. f4 Qxb3 30. Rxb3 Rd6 31. Rb4 Kf8 32. Kg1 Red8 33. Kf2 R8d7 34.
Rdd4 Rc7 35. Rb2 Bc4 36. Rb4 b6 37. Bf3 Ke7 38. Ke3 Re6+ 39. Kd2 b5 40. a4 Kd6
41. f5 Re8 42. Rg4 Kc5 43. Rb1 bxa4 44. Ra1 Rb7 45. Rxa4 Rb2+ 46. Kc1 Rf2 47.
Bd1 Re1 48. Ra5+ Kb6 49. Ra8 Rff1 50. Rd4 Kc5 51. Rd2 Bb3 52. Rc8+ Kd6 0-1

[Event "Moscow Open F Women"]
[Site "Moscow RUS"]
[Date "2011.02.05"]
[Round "8.6"]
[White "Zizlova, Sofia"]
[Black "Stepovaia, Tatiana"]
[Result "0-1"]
[BlackTitle "WGM"]
[WhiteElo "2085"]
[BlackElo "2389"]
[WhiteFideId "4123476"]
[BlackFideId "4106970"]
[EventDate "2011.01.29"]

1. e4 c5 2. Nf3 e6 3. d4 cxd4 4. Nxd4 Nc6 5. Nxc6 bxc6 6. Bd3 Nf6 7. O-O d5 8.
Nd2 Qc7 9. c4 Bd6 10. h3 O-O 11. b3 d4 12. Nf3 e5 13. Nxe5 Bxe5 14. f4 Nd7 15.
fxe5 Nxe5 16. Bf4 c5 17. Qh5 f6 18. Rad1 Be6 19. Qh4 Rae8 20. Qg3 Bf7 21. Rd2
Bg6 22. Bb1 Qc6 23. Rdf2 Nf7 24. e5 Bxb1 25. exf6 Bg6 26. fxg7 Kxg7 27. h4 h5
28. Bd2 Qe4 29. Qc7 Qe7 30. Qc6 Qxh4 31. Qf3 Nd6 32. Bf4 Rxf4 33. Qxf4 Qxf4 34.
Rxf4 d3 35. Rd1 0-1

[Event "Moscow Open F Women"]
[Site "Moscow RUS"]
[Date "2011.02.05"]
[Round "8.7"]
[White "Bezgodova, Maria"]
[Black "Pustovoitova, Daria"]
[Result "0-1"]
[WhiteTitle "WFM"]
[BlackTitle "FM"]
[WhiteElo "2190"]
[BlackElo "2331"]
[WhiteFideId "24111260"]
[BlackFideId "4182146"]
[EventDate "2011.01.29"]

1. e4 c6 2. d4 d5 3. exd5 cxd5 4. Bd3 Nc6 5. c3 Qc7 6. Nf3 Bg4 7. O-O e6 8. Re1
Bd6 9. h3 Bh5 10. Nbd2 Nge7 11. a3 Qd7 12. Rb1 f6 13. Qb3 O-O-O 14. c4 Bc7 15.
Qa4 Kb8 16. cxd5 exd5 17. Kf1 Bb6 18. b4 Ng6 19. b5 Nce7 20. Qb4 Rde8 21. a4 Nf4
22. Bc2 Nc8 23. a5 Bc7 24. b6 axb6 25. axb6 Bxb6 26. Nc4 Rxe1+ 27. Qxe1 Nxg2 28.
Nxb6 Qxh3 29. Nd7+ Kc7 30. Qc3+ Kd8 31. Ke2 Qxd7 32. Qa5+ b6 33. Rxb6 Nxb6 34.
Qxb6+ Ke7 35. Ba3+ Kf7 0-1

[Event "Moscow Open F Women"]
[Site "Moscow RUS"]
[Date "2011.02.05"]
[Round "8.9"]
[White "Nakhbayeva, Guliskhan"]
[Black "Suslova, Alena"]
[Result "0-1"]
[WhiteTitle "WIM"]
[BlackTitle "WFM"]
[WhiteElo "2209"]
[BlackElo "2180"]
[WhiteFideId "13704788"]
[BlackFideId "24111643"]
[EventDate "2011.01.29"]

1. d4 Nf6 2. c4 g6 3. Nc3 Bg7 4. e4 d6 5. h3 O-O 6. Bg5 h6 7. Be3 e5 8. d5 a5 9.
Bd3 Na6 10. Nge2 Nd7 11. Qd2 Kh7 12. O-O Qe7 13. Na4 Nac5 14. Nxc5 dxc5 15. Nc3
Nf6 16. Rad1 Nh5 17. Be2 Nf4 18. Bxf4 exf4 19. Qxf4 Be5 20. Qe3 b6 21. Bg4 Bxg4
22. hxg4 Rae8 23. g3 Bd4 24. Qd2 Qd7 25. Kg2 Qxg4 26. Rh1 Bg7 27. Rh4 Qd7 28.
Rxh6+ Bxh6 29. Rh1 g5 30. Qxg5 Qd6 31. Rh5 Rg8 32. Qh4 Re5 33. Nb5 Rxh5 34. Qxh5
Qe7 35. Qf5+ Rg6 36. f4 Kg7 37. e5 Qd8 38. Nc3 a4 39. Qe4 f6 40. e6 Qe7 41. f5
Rg5 42. Nb5 Kg8 43. Qf4 Bf8 44. Nxc7 Qd6 45. Kf3 Qxf4+ 46. gxf4 Rg1 47. Ne8 Be7
48. Nc7 Kf8 49. Na8 Rb1 50. Nxb6 Rxb2 51. Nxa4 Rxa2 52. Nb6 Bd6 53. Nc8 Ra6 54.
Kg4 Ke8 55. Nxd6+ Rxd6 56. Kh5 Ke7 57. Kg6 Ra6 58. Kg7 Ra8 59. Kh7 Ra4 60. Kg7
Rxc4 61. d6+ Kxd6 62. Kxf6 Rxf4 63. Kg5 Re4 0-1

[Event "Moscow Open F Women"]
[Site "Moscow RUS"]
[Date "2011.02.05"]
[Round "8.10"]
[White "Savina, Anastasia"]
[Black "Kharmunova, Nadejda"]
[Result "1/2-1/2"]
[WhiteTitle "WGM"]
[BlackTitle "WFM"]
[WhiteElo "2397"]
[BlackElo "2118"]
[WhiteFideId "4196872"]
[BlackFideId "4195876"]
[EventDate "2011.01.29"]

1. d4 f5 2. c4 Nf6 3. Nf3 g6 4. Nc3 Bg7 5. e3 O-O 6. Be2 d6 7. b4 a5 8. b5 Qe8
9. Qb3 Kh8 10. a4 e5 11. dxe5 dxe5 12. Ba3 Rg8 13. c5 Be6 14. Bc4 Bxc4 15. Qxc4
h6 16. e4 Nbd7 17. Nh4 f4 18. O-O g5 19. Nf5 f3 20. Rfd1 fxg2 21. Bb2 Qh5 22.
Rd3 Rae8 23. Kxg2 Nf8 24. Rh3 Qg4+ 25. Rg3 Qh5 26. Rh3 Qg6 27. Ne2 Ne6 28. Kh1
Nh5 29. Rg1 Nef4 30. Nxf4 Nxf4 31. Rhg3 Qh5 32. Rg4 Nh3 33. Qf1 Nxg1 34. Qxg1
Qf7 35. Qg3 Kh7 36. Qh3 Qf6 37. Bc1 Bf8 38. Be3 Rd8 39. Kg2 Rd1 40. Qf3 Qd8 41.
h4 Rg6 42. hxg5 hxg5 43. Nd6 Rd3 44. Nf7 Qf6 45. Nxg5+ Kg7 46. Qh3 Rxg5 47. Bxg5
Qxf2+ 48. Kxf2 Rxh3 49. Kg2 Rb3 50. Bd8+ Kf7 51. Bxc7 Bxc5 52. Bxe5 Ra3 53. Bh8
Rxa4 54. Rg7+ Ke6 55. Rxb7 1/2-1/2

[Event "Moscow Open F Women"]
[Site "Moscow RUS"]
[Date "2011.02.05"]
[Round "8.12"]
[White "Daulyte, Deimante"]
[Black "Bivol, Alina"]
[Result "1-0"]
[WhiteTitle "WGM"]
[BlackTitle "WFM"]
[WhiteElo "2293"]
[BlackElo "2114"]
[WhiteFideId "12802859"]
[BlackFideId "4100123"]
[EventDate "2011.01.29"]

1. e4 e6 2. d4 d5 3. e5 c5 4. c3 Nc6 5. Nf3 Bd7 6. Be2 Rc8 7. O-O Nge7 8. Na3
Nf5 9. Nc2 cxd4 10. cxd4 Be7 11. Ne3 Qb6 12. Nxf5 exf5 13. a3 a5 14. Qd3 h6 15.
Rb1 g5 16. Rd1 Nd8 17. Ne1 Ne6 18. Bf3 Nc7 19. Bd2 g4 20. Be2 Ne6 21. Bc1 Bg5
22. Nc2 Nc7 23. f4 Bd8 24. Ne3 Qe6 25. Qd2 Qb6 26. Bf1 g3 27. h3 a4 28. Qd3 Qe6
29. Bd2 O-O 30. Rdc1 f6 31. b3 fxe5 32. dxe5 Bb5 33. Qd4 Bxf1 34. Kxf1 Be7 35.
bxa4 Bxa3 36. Rc3 Be7 37. Rb6 Qd7 38. Rxb7 Rfd8 39. Qb6 d4 40. Rcxc7 Rxc7 41.
Rxc7 Qxa4 42. Qe6+ Kh8 43. Rxe7 1-0

[Event "Moscow Open F Women"]
[Site "Moscow RUS"]
[Date "2011.02.05"]
[Round "8.13"]
[White "Korchagina, Viktoria"]
[Black "Shaydullina, Sandugach"]
[Result "1-0"]
[WhiteTitle "WFM"]
[BlackTitle "WGM"]
[WhiteElo "2086"]
[BlackElo "2207"]
[WhiteFideId "4197224"]
[BlackFideId "4140389"]
[EventDate "2011.01.29"]

1. e4 c5 2. Nf3 Nc6 3. d4 cxd4 4. Nxd4 Nf6 5. Nc3 d6 6. Bc4 Bd7 7. Bb3 g6 8. f3
Nxd4 9. Qxd4 Bg7 10. Be3 O-O 11. Qd2 b5 12. O-O-O a5 13. a4 bxa4 14. Bxa4 Bxa4
15. Nxa4 Rb8 16. Bh6 Bxh6 17. Qxh6 Qc7 18. Rd3 Rb4 19. b3 Rfb8 20. Kd2 Qa7 21.
Qe3 Qxe3+ 22. Kxe3 Nd7 23. Ra1 Kg7 24. Rd5 Rc8 25. Ra2 Ra8 26. Nb2 Nc5 27. Nd3
Nxd3 28. Kxd3 a4 29. Rd4 Rxd4+ 30. Kxd4 a3 31. c4 Kf6 32. b4 g5 33. b5 Ke6 34.
Kc3 Ke5 35. Kb4 Kd4 36. b6 Rc8 37. Kb5 Rc5+ 38. Ka6 Kxc4 39. Rxa3 Rc8 40. b7 Rg8
41. Ka7 e6 42. b8=Q Rxb8 43. Kxb8 d5 44. exd5 exd5 45. Ra7 f5 46. Rxh7 d4 47.
Rd7 f4 48. g3 d3 49. gxf4 gxf4 50. h4 Kc3 51. h5 d2 52. h6 Kc2 53. h7 d1=Q 54.
Rxd1 Kxd1 55. h8=Q Ke2 56. Qh3 Kf2 57. Qg4 Ke3 58. Kc7 1-0

[Event "Moscow Open F Women"]
[Site "Moscow RUS"]
[Date "2011.02.05"]
[Round "8.14"]
[White "Berdychevaskaya, Natasha"]
[Black "Ainutdinova, Yekaterina"]
[Result "1/2-1/2"]
[WhiteTitle "WFM"]
[WhiteElo "2193"]
[BlackElo "2073"]
[WhiteFideId "4159322"]
[BlackFideId "13705563"]
[EventDate "2011.01.29"]

1. e4 e5 2. Nf3 Nc6 3. Bb5 a6 4. Ba4 Nf6 5. d3 d6 6. c3 g6 7. O-O Bg7 8. Re1 O-O
9. Nbd2 b5 10. Bb3 Na5 11. Bc2 c5 12. Nf1 Nc6 13. Ne3 d5 14. Nxd5 Nxd5 15. exd5
Qxd5 16. Bb3 Qd6 17. Ng5 Na5 18. Bxf7+ Rxf7 19. Nxf7 Kxf7 20. Qf3+ Bf6 21. Qxa8
Bb7 22. Qa7 Bd8 23. b4 Bb6 24. Qxb6 Qxb6 25. bxa5 Qc6 26. f3 Qd5 27. Bh6 g5 28.
Re3 Kg6 29. Bf8 Kf7 1/2-1/2

[Event "Moscow Open F Women"]
[Site "Moscow RUS"]
[Date "2011.02.05"]
[Round "8.15"]
[White "Severina, Maria"]
[Black "Shulakova, Svetlana"]
[Result "0-1"]
[BlackTitle "WFM"]
[WhiteElo "2032"]
[BlackElo "2180"]
[WhiteFideId "4116909"]
[BlackFideId "4142691"]
[EventDate "2011.01.29"]

1. d4 d5 2. c4 c6 3. Nf3 Nf6 4. Nc3 dxc4 5. a4 Bf5 6. e3 e6 7. Bxc4 Bb4 8. O-O
Nbd7 9. h3 O-O 10. Nh4 Nb6 11. Be2 Be4 12. Nxe4 Nxe4 13. Nf3 c5 14. Qc2 f5 15.
Bd3 Qd5 16. a5 c4 17. Bxe4 fxe4 18. Bd2 exf3 19. Bxb4 fxg2 20. Bxf8 gxf1=Q+ 21.
Rxf1 Rxf8 22. axb6 axb6 23. f4 Rf6 24. Kh2 Rg6 25. Rf2 b5 26. Qd1 Qe4 27. Qe2 h6
28. h4 Qd5 29. h5 Rf6 30. Rg2 b4 31. Kg1 b5 32. Qd2 Qf3 33. Rh2 b3 34. Qf2 Qd1+
35. Qf1 Qxf1+ 36. Kxf1 b4 37. Ke2 Rf5 38. Rh1 Ra5 39. Rc1 c3 40. Kd3 Rxh5 41.
bxc3 b2 42. Rb1 bxc3 43. Kxc3 Rb5 44. Kc4 Rb8 45. d5 exd5+ 46. Kxd5 Kf7 47. e4
Ke7 48. e5 h5 49. Ke4 g6 50. Kf3 Ke6 51. Kg3 Kf5 52. Kf3 Rb3+ 53. Kf2 h4 54. Kg2
g5 0-1

[Event "Moscow Open F Women"]
[Site "Moscow RUS"]
[Date "2011.02.05"]
[Round "8.16"]
[White "Tereshechkina, Maya"]
[Black "Baraeva, Marina"]
[Result "1/2-1/2"]
[BlackTitle "WFM"]
[WhiteElo "2026"]
[BlackElo "2152"]
[WhiteFideId "4194578"]
[BlackFideId "24142573"]
[EventDate "2011.01.29"]

1. d4 Nf6 2. c4 g6 3. Nc3 d5 4. e3 Bg7 5. Bd3 O-O 6. Nf3 dxc4 7. Bxc4 c5 8. O-O
Nc6 9. dxc5 Qa5 10. Na4 Ne4 11. Bb3 Nxc5 12. Bd2 Qb5 13. Nxc5 Qxc5 14. Rc1 Qb6
15. Bc3 e5 16. Ng5 Bf5 17. Qf3 Nd8 18. Rfd1 Rb8 19. e4 Be6 20. Nxe6 Nxe6 21.
Bxe6 Qxe6 22. a3 Rfd8 23. Rxd8+ Rxd8 24. Rd1 Rd6 25. Bb4 Rxd1+ 26. Qxd1 Qc8 27.
g3 h6 28. Qd2 b6 29. Bc3 Qc7 30. Qd5 Kh7 31. Kg2 1/2-1/2

[Event "Moscow Open F Women"]
[Site "Moscow RUS"]
[Date "2011.02.05"]
[Round "8.17"]
[White "Levushkina, Elena"]
[Black "Makarenko, Alexandra"]
[Result "1-0"]
[WhiteTitle "WGM"]
[WhiteElo "2318"]
[BlackElo "1931"]
[WhiteFideId "14200686"]
[BlackFideId "4165055"]
[EventDate "2011.01.29"]

1. e4 e5 2. Nf3 Nc6 3. d4 exd4 4. Nxd4 Bc5 5. Nxc6 Qf6 6. Qf3 bxc6 7. Nd2 d6 8.
Nb3 Bb6 9. a4 a5 10. Be2 Be6 11. O-O Qxf3 12. gxf3 Bxb3 13. cxb3 Ne7 14. Rd1 O-O
15. Bg5 Ng6 16. Rac1 Bc5 17. Bd2 Rfb8 18. b4 axb4 19. b3 f5 20. exf5 Ne7 21.
Bc4+ Kh8 22. Bd3 Rf8 23. Be4 Nxf5 24. Bxc6 Ra5 25. Be4 Ra7 26. Rc4 Nd4 27. Bxb4
Nxb3 28. Rb1 Nd4 29. Rxc5 dxc5 30. Bxc5 Raa8 31. Bxa8 Ne2+ 32. Kf1 1-0

[Event "Moscow Open F Women"]
[Site "Moscow RUS"]
[Date "2011.02.05"]
[Round "8.18"]
[White "Baraeva, Irina"]
[Black "Khropova, Larisa"]
[Result "0-1"]
[WhiteTitle "WFM"]
[BlackTitle "WFM"]
[WhiteElo "2201"]
[BlackElo "2087"]
[WhiteFideId "24142565"]
[BlackFideId "4120841"]
[EventDate "2011.01.29"]

1. d4 Nf6 2. c4 e6 3. g3 Be7 4. Bg2 O-O 5. Nf3 c5 6. O-O cxd4 7. Nxd4 Nc6 8. a3
Nxd4 9. Qxd4 Qc7 10. Nc3 a6 11. e4 d6 12. h3 Bd7 13. Be3 Rac8 14. Rac1 Qb8 15.
Rfd1 Rfd8 16. Qd3 b5 17. cxb5 axb5 18. b4 Bc6 19. Rb1 d5 20. e5 Ne4 21. Ne2 Qxe5
22. Bf4 Qf6 23. Nd4 Nxf2 24. Kxf2 g5 25. Kg1 gxf4 26. Rf1 e5 27. Nxc6 Qxc6 28.
gxf4 Qb6+ 29. Kh1 e4 30. Qe2 Rc3 31. Ra1 Qh6 32. Ra2 Kh8 33. Qxb5 Bf6 34. a4 Rd3
35. a5 Rg8 36. Qd7 Bd4 37. a6 Rgg3 38. Qd8+ Kg7 39. h4 Rg4 0-1

[Event "Moscow Open F Women"]
[Site "Moscow RUS"]
[Date "2011.02.05"]
[Round "8.19"]
[White "Markelova, Lubov"]
[Black "Butuc, Maria"]
[Result "1/2-1/2"]
[BlackTitle "WIM"]
[WhiteElo "2076"]
[BlackElo "2188"]
[WhiteFideId "24131369"]
[BlackFideId "13902911"]
[EventDate "2011.01.29"]

1. Nf3 d5 2. d4 Nf6 3. c4 c6 4. Nc3 dxc4 5. a4 Bf5 6. e3 e6 7. Bxc4 Bb4 8. O-O
Nbd7 9. Qe2 Bg4 10. Rd1 O-O 11. e4 Qe7 12. h3 Bh5 13. e5 Nd5 14. Ne4 f6 15. exf6
N7xf6 16. Bg5 Rae8 17. g4 Bg6 18. Nxf6+ gxf6 19. Bh6 Rf7 20. h4 f5 21. Bg5 Qf8
22. Ne5 fxg4 23. Nxg4 Bh5 24. Nh6+ Qxh6 25. Bxh6 Bxe2 26. Bxe2 Nf4 27. Bg4 Kh8
28. f3 Rg8 29. Kh1 Rg6 30. Bxf4 Rxf4 31. h5 Rg5 32. Rd3 Kg7 33. Rad1 Rd5 34. Kg2
Ba5 35. Rb3 Bb6 36. Bxe6 Rxh5 37. Kg3 Rf6 38. Bg4 Ra5 39. Re1 Rxa4 40. Re7+ Rf7
41. Rxf7+ Kxf7 42. Bc8 Bc7+ 43. Kg2 b6 44. Ra3 Rxa3 45. bxa3 Ke7 46. Bf5 h6 47.
a4 Bf4 48. Kf2 Kd6 49. Ke2 b5 50. axb5 cxb5 51. Kd3 a5 52. Kc3 Bg3 53. Bg6 Be1+
54. Kc2 b4 55. Kb3 Kd5 56. Ka4 Kxd4 57. Kxa5 Ke3 58. Ka4 Kxf3 59. Kb3 Kg4 60.
Kc2 h5 61. Kd1 Bc3 62. Ke2 h4 63. Kf1 h3 64. Kg1 Kg3 65. Kh1 Bd4 66. Bb1 Be5 67.
Bg6 b3 68. Bb1 b2 69. Bg6 Bd6 70. Bb1 Be5 1/2-1/2

[Event "Moscow Open F Women"]
[Site "Moscow RUS"]
[Date "2011.02.05"]
[Round "8.20"]
[White "Avdeyeva, Viktoriya"]
[Black "Gvanceladze, Anna"]
[Result "1-0"]
[BlackTitle "WFM"]
[WhiteElo "2020"]
[BlackElo "2163"]
[WhiteFideId "13403389"]
[BlackFideId "4113721"]
[EventDate "2011.01.29"]

1. e4 c6 2. d4 d5 3. Nc3 dxe4 4. Nxe4 Bf5 5. Ng3 Bg6 6. Nf3 Nd7 7. Bd3 e6 8. Qe2
Bxd3 9. Qxd3 Ngf6 10. Bg5 Bb4+ 11. c3 Be7 12. O-O O-O 13. Rad1 Qa5 14. a3 h6 15.
Bxf6 Bxf6 16. Rfe1 Rfd8 17. Ne4 Be7 18. Qe3 Qb5 19. Rd2 a5 20. Qf4 a4 21. Rde2
Rf8 22. Ne5 Nb6 23. Qg3 Rad8 24. f4 c5 25. Ng4 Kh7 26. dxc5 Bxc5+ 27. Kh1 Be7
28. Ne5 Nc4 29. Nxc4 Qxc4 30. Nf2 Rd5 31. Re4 Qb3 32. Nd3 Qc2 33. Ne5 Qxb2 34.
Rxa4 Bxa3 35. c4 Rxe5 36. fxe5 Bc5 37. Qd3+ Kg8 38. Raa1 b6 39. Rab1 Qf2 40. Rf1
Qd4 41. Qe2 Qe3 42. Qh5 g6 43. Qh4 Qxe5 44. Qxh6 Qh8 45. Qg5 Bd6 46. h3 Qd4 47.
h4 Qc5 48. Qg4 Qe5 49. Qh3 Bc5 50. Rbe1 Qh5 51. g4 Qh7 52. Rf3 Bd4 53. h5 Kg7
54. Qf1 gxh5 55. gxh5 Kh8 56. Rxe6 Rg8 57. Qd3 Qg7 58. Rg3 Qxg3 59. Rh6+ Kg7 60.
Qxg3+ 1-0

[Event "Moscow Open F Women"]
[Site "Moscow RUS"]
[Date "2011.02.05"]
[Round "8.21"]
[White "Skakun, Valentina"]
[Black "Schepetkova, Margarita"]
[Result "0-1"]
[WhiteElo "1925"]
[BlackElo "2148"]
[WhiteFideId "24133469"]
[BlackFideId "4189949"]
[EventDate "2011.01.29"]

1. d4 d5 2. c4 dxc4 3. Nf3 Nf6 4. e3 e6 5. Bxc4 a6 6. O-O c5 7. a4 Nc6 8. Nc3
Be7 9. b3 O-O 10. Bb2 cxd4 11. exd4 Nb4 12. Ba3 b6 13. Qe2 Re8 14. Ne4 Nbd5 15.
Bxe7 Rxe7 16. a5 b5 17. Bxd5 Qxd5 18. Nc5 Bb7 19. Rac1 h6 20. b4 Rd8 21. Rc2 Qd6
22. Nxb7 Rxb7 23. Rc5 Nd7 24. Rcc1 Qxb4 25. Qe4 Ra7 26. Ra1 Nf6 27. Rfc1 Nxe4 0-1

[Event "Moscow Open F Women"]
[Site "Moscow RUS"]
[Date "2011.02.05"]
[Round "8.22"]
[White "Verko, Tatiana"]
[Black "Kostitsina, Liubov"]
[Result "0-1"]
[WhiteTitle "WFM"]
[WhiteElo "2147"]
[BlackElo "1930"]
[WhiteFideId "13700987"]
[BlackFideId "24117110"]
[EventDate "2011.01.29"]

1. d4 Nf6 2. c4 c5 3. d5 b5 4. cxb5 a6 5. bxa6 Bxa6 6. Nc3 g6 7. g3 d6 8. Bg2
Bg7 9. Nf3 O-O 10. O-O Nbd7 11. Rb1 Qa5 12. Bd2 Rfb8 13. Qc2 Nb6 14. b3 Qa3 15.
Bc1 Qa5 16. Rd1 Nfd7 17. Bd2 Qa3 18. Nh4 Bb7 19. f4 Rc8 20. Kh1 Nf6 21. Bc1 Qa5
22. e4 Ng4 23. Bh3 Qxc3 24. Qxc3 Bxc3 25. Bxg4 e6 26. dxe6 Bxe4+ 27. Bf3 Bxb1
28. Bxa8 Rxa8 29. Rxd6 Be4+ 30. Ng2 Nd5 31. a4 Rb8 32. f5 Rxb3 33. e7 Nxe7 34.
f6 Nc6 35. h4 Rb1 36. Rd1 Bxf6 37. Re1 Bd5 38. Kh2 Ne5 39. Rf1 Nf3+ 40. Kh3 Bb2
41. Nf4 Bc4 42. Rxf3 Rxc1 43. Re3 h5 44. a5 Rc2 45. g4 Bc1 46. Re4 Bxf4 47. Rxf4
Be6 48. Ra4 hxg4+ 49. Kg3 Ra2 0-1

[Event "Moscow Open F Women"]
[Site "Moscow RUS"]
[Date "2011.02.05"]
[Round "8.23"]
[White "Semenova, Elena"]
[Black "Budueva, Kristina"]
[Result "1-0"]
[WhiteTitle "WFM"]
[WhiteElo "2139"]
[BlackElo "1889"]
[WhiteFideId "24125148"]
[BlackFideId "24152749"]
[EventDate "2011.01.29"]

1. e4 e5 2. Nf3 Nc6 3. Bb5 Nf6 4. O-O Bc5 5. c3 O-O 6. d4 Bb6 7. Bg5 d6 8. Qd3
h6 9. Bh4 Qe7 10. Nbd2 Nb8 11. a4 c6 12. Bc4 Nbd7 13. a5 Bc7 14. Rfe1 Re8 15.
Bg3 Nf8 16. Nh4 Be6 17. b4 Bxc4 18. Nxc4 Qe6 19. Nd2 Rad8 20. Qe3 Bb8 21. h3 Ng6
22. Nxg6 fxg6 23. f4 Nh5 24. Rf1 Rf8 25. Bh2 exf4 26. Bxf4 g5 27. Bh2 g4 28.
Rxf8+ Rxf8 29. Rf1 Rxf1+ 30. Nxf1 Nf6 31. Nd2 gxh3 32. Qxh3 Kf7 33. Qxe6+ Kxe6
34. Kf1 Bc7 35. Ke2 g5 36. Kd3 g4 37. Bf4 h5 38. Bg5 Bd8 39. Nf1 Kf7 40. e5 dxe5
41. dxe5 Nd5 42. Bxd8 Nf4+ 43. Ke4 Nxg2 44. Kf5 Ne1 45. e6+ Ke8 46. Bf6 Nd3 47.
Ng3 c5 48. Nxh5 cxb4 49. Ng7+ 1-0

[Event "Moscow Open F Women"]
[Site "Moscow RUS"]
[Date "2011.02.05"]
[Round "8.24"]
[White "Yakupova, Aysyla"]
[Black "Paramzina, Anastasya"]
[Result "1-0"]
[WhiteElo "2132"]
[BlackElo "1860"]
[WhiteFideId "4197569"]
[BlackFideId "4165012"]
[EventDate "2011.01.29"]

1. c4 e6 2. g3 d5 3. Bg2 Nf6 4. Nf3 c6 5. b3 Nbd7 6. Bb2 Be7 7. O-O O-O 8. d3
Re8 9. Nbd2 Qc7 10. Qc2 b6 11. cxd5 exd5 12. d4 Ba6 13. Rfe1 Bb7 14. Ne5 Bd6 15.
Nxd7 Qxd7 16. e4 dxe4 17. Nxe4 Be7 18. Rac1 Nd5 19. a3 Rac8 20. b4 Ra8 21. Nd2
Bg5 22. Rcd1 Be7 23. Nc4 f6 24. Be4 g6 25. h4 Qg4 26. Ne3 Nxe3 27. Rxe3 Bd6 28.
Rde1 Bf4 29. Bf3 Qxf3 30. Qb3+ 1-0

[Event "Moscow Open F Women"]
[Site "Moscow RUS"]
[Date "2011.02.05"]
[Round "8.25"]
[White "Maidanova, Irina"]
[Black "Kineva, Ekaterina"]
[Result "1/2-1/2"]
[BlackTitle "WFM"]
[WhiteElo "1871"]
[BlackElo "2120"]
[WhiteFideId "24126624"]
[BlackFideId "4152662"]
[EventDate "2011.01.29"]

1. e4 c5 2. Nf3 d6 3. d4 cxd4 4. Nxd4 Nf6 5. Nc3 a6 6. Bg5 e6 7. f4 h6 8. Bh4
Be7 9. Qf3 Qc7 10. O-O-O Nbd7 11. g4 b5 12. Bxf6 gxf6 13. h4 Bb7 14. g5 O-O-O
15. g6 b4 16. Nce2 Nc5 17. gxf7 Bxe4 18. Qh3 Bxh1 19. Qxh1 d5 20. Nxe6 Nxe6 21.
Bh3 Qc4 22. Nd4 Qxa2 23. Nxe6 Kb8 24. Nxd8 Rxd8 25. Qg1 d4 26. Rxd4 Qa1+ 27. Kd2
Qxg1 28. Rxd8+ Bxd8 29. f8=Q Qf2+ 30. Kd1 Qd4+ 31. Ke1 Qe4+ 32. Kd1 Qd4+ 33. Ke1
Qe3+ 1/2-1/2

[Event "Moscow Open F Women"]
[Site "Moscow RUS"]
[Date "2011.02.05"]
[Round "8.28"]
[White "Khobotova, Olesia"]
[Black "Doluhanova, Evgeniya"]
[Result "1/2-1/2"]
[BlackTitle "WGM"]
[WhiteElo "1991"]
[BlackElo "2267"]
[WhiteFideId "24129550"]
[BlackFideId "14112035"]
[EventDate "2011.01.29"]

1. e4 c5 2. Nf3 d6 3. d4 cxd4 4. Nxd4 Nf6 5. Nc3 a6 6. Be2 e5 7. Nf3 Be7 8. O-O
O-O 9. Bg5 Nbd7 10. Re1 h6 11. Bh4 Ne8 12. Bxe7 Qxe7 13. Nd5 Qd8 14. Bc4 Nb6 15.
Bb3 Nxd5 16. Bxd5 Qb6 17. Re3 Nf6 18. Rb3 Qc7 19. Rd3 Bg4 20. h3 Bxf3 21. Rxf3
Nxd5 22. exd5 Rac8 23. c3 f5 24. Rg3 Rf6 25. Qd3 Re8 26. Re1 Qa5 27. a3 Qb6 28.
b4 e4 29. Qe3 Qxe3 30. Rgxe3 b5 31. f3 Rc8 32. fxe4 fxe4 33. Rxe4 Rxc3 34. R1e3
Rxe3 35. Rxe3 Rf5 36. Re8+ Kf7 37. Ra8 Rxd5 38. Rxa6 Ke6 39. Kf2 Rd2+ 40. Kf3
Ke5 41. Ra5 d5 42. Rxb5 Rd3+ 43. Ke2 Rxa3 44. Rb7 g5 45. b5 Rb3 46. b6 Kd4 47.
Rb8 Kc5 48. b7 Kc6 49. Rh8 Rxb7 50. Rxh6+ Kc5 51. Rg6 Re7+ 52. Kd3 Re5 53. Rg8
Rf5 54. Rc8+ Kd6 55. Ke3 Re5+ 56. Kd3 Rf5 57. Ke3 Re5+ 1/2-1/2

[Event "Moscow Open F Women"]
[Site "Moscow RUS"]
[Date "2011.02.05"]
[Round "8.29"]
[White "Travkina, Anastasia"]
[Black "Sysoykina, Lidia"]
[Result "1-0"]
[WhiteTitle "WFM"]
[WhiteElo "2189"]
[BlackElo "1943"]
[WhiteFideId "24129151"]
[BlackFideId "4165080"]
[EventDate "2011.01.29"]

1. e4 e5 2. Nf3 Nc6 3. Bb5 g6 4. O-O Bg7 5. d3 Nge7 6. Bg5 h6 7. Bh4 g5 8. Bg3
O-O 9. Nc3 d6 10. a4 Bg4 11. h3 Bh5 12. Bh2 Nd4 13. g4 Bg6 14. Bc4 Nec6 15. Nd2
Ne6 16. Ne2 Nf4 17. Nxf4 gxf4 18. c3 Qh4 19. Kg2 h5 20. b4 Kh8 21. b5 Nd8 22. f3
c6 23. bxc6 bxc6 24. Rb1 Bh6 25. Qe1 Qe7 26. Ba6 d5 27. Bg1 hxg4 28. hxg4 f5 29.
exf5 Bxf5 30. Bf2 Bg6 31. Rh1 Kg7 32. Nb3 e4 33. Bc5 exf3+ 34. Kxf3 Qxe1 35.
Bxf8+ Kxf8 36. Rhxe1 Nf7 37. Nd4 Ng5+ 38. Kf2 c5 39. Ne6+ Nxe6 40. Rxe6 Kf7 41.
Rc6 1-0